[Event "Figueres Region-ch"]
[Site "Figueres	"]
[Date "2021.09.25"]
[Round "1"]
[White "Vinolas Anglada, Laura"]
[Black "Cuerda Quintana, Antoni"]
[Result "1-0"]
[WhiteElo "1904"]
[BlackElo "1399"]
[PlyCount "55"]
[EventDate "2021.09.25"]
[EventType "swiss"]
[EventRounds "9"]
[EventCountry "ESP"]
[SourceTitle "EXT 2023"]
[Source "ChessBase"]
[SourceDate "2022.10.05"]
[SourceVersion "1"]
[SourceVersionDate "2022.10.05"]
[SourceQuality "1"]

1. e4 e5 2. Nf3 Nc6 3. Bc4 Bc5 4. c3 Qf6 5. 0-0 Nge7 6. d4 exd4 7. Bg5 Qd6 8. Bxe7 Qxe7 9. cxd4 Bb6 10. Nc3 0-0 11. Re1 Qb4 12. Qd3 Qe7 13. Nd5 Qd8 14. a4 Ba5 15. Re3 Nb4 16. Nxb4 Bxb4 17. Ne5 Be7 18. Qb3 d6 19. Nxf7 Rxf7 20. Rf3 Bf6 21. Bxf7+ Kh8 22. e5 dxe5 23. dxe5 Bg4 24. exf6 Bxf3 25. fxg7+ Kxg7 26. Qxf3 Qf6 27. Qxf6+ Kxf6 28. Bb3 1-0

[Event "Girona Gerunda op"]
[Site "Girona"]
[Date "2021.07.19"]
[Round "1"]
[White "Cuerda Quintana, Antoni"]
[Black "Diaz Comas, Jordi"]
[Result "0-1"]
[WhiteElo "1703"]
[BlackElo "2079"]
[PlyCount "75"]
[EventDate "2021.07.19"]
[EventType "swiss"]
[EventRounds "9"]
[EventCountry "ESP"]
[SourceTitle "EXT 2022"]
[Source "ChessBase"]
[SourceDate "2021.10.06"]
[SourceVersion "1"]
[SourceVersionDate "2021.10.06"]
[SourceQuality "1"]

1. e4 Nc6 2. Nf3 f5 3. Nc3 fxe4 4. Nxe4 d5 5. Ng3 e5 6. Bb5 Bd6 7. d4 e4 8. Ne5 Bd7 9. Nxd7 Qxd7 10. Qh5+ Qf7 11. Qxf7+ Kxf7 12. Nf5 Bb4+ 13. c3 Ba5 14. 0-0 Nge7 15. Ne3 Rhf8 16. Bxc6 bxc6 17. Ng4 Ng6 18. f4 Ke6 19. Be3 Bb6 20. Ne5 Nxe5 21. fxe5 a5 22. a4 Ba7 23. Rxf8 Rxf8 24. Rf1 Rf5 25. Rxf5 Kxf5 26. h3 c5 27. g4+ Ke6 28. Kf2 cxd4 29. cxd4 g6 30. Kg3 c5 31. dxc5 Bb8 32. b3 Bxe5+ 33. Kf2 Bc3 34. Ke2 d4 35. Bd2 Bxd2 36. Kxd2 Kd5 37. b4 axb4 38. a5 0-1

[Event "Girona Gerunda op1st"]
[Site "Girona"]
[Date "2017.11.21"]
[Round "7"]
[White "Cuerda Quintana, Antoni"]
[Black "Baig Falgueras, Marc"]
[Result "0-1"]
[WhiteElo "1665"]
[BlackElo "1889"]
[PlyCount "70"]
[EventDate "2017.09.26"]
[EventType "swiss"]
[EventRounds "9"]
[EventCountry "ESP"]
[SourceTitle "EXT 2019"]
[Source "ChessBase"]
[SourceDate "2018.10.10"]
[SourceVersion "1"]
[SourceVersionDate "2018.10.10"]
[SourceQuality "1"]

1. e4 d6 2. d4 g6 3. Nf3 Bg7 4. Bd3 Nf6 5. 0-0 0-0 6. Bf4 Nc6 7. c3 Nh5 8. Qd2 Nxf4 9. Qxf4 e5 10. Qe3 Kh8 11. d5 Ne7 12. a4 f5 13. Ng5 f4 14. Qf3 h5 15. g3 Bg4 16. Qg2 f3 17. Qh1 Nxd5 18. exd5 Qxg5 19. h3 Bf5 20. Bxf5 Rxf5 21. g4 Rf4 22. Kh2 hxg4 23. Rg1 Qh5 24. Rg3 Bf6 25. Rxg4 Rxg4 26. Qxf3 Rf4 27. Qxh5+ gxh5 28. Na3 Rxf2+ 29. Kg3 Rf4 30. Nb5 Rg8+ 31. Kh2 Rf2+ 32. Kh1 Rgg2 33. Nxc7 Bg5 34. Ne6 Be3 35. b4 Rh2+ 0-1